El orden político en las sociedades en cambio

Guardat en:
Dades bibliogràfiques
Autor principal: Huntington, Samuel P (Autor)
Format: Llibre
Idioma:espanyol
Publicat: Barcelona Paidós 1997
Edició:5a. ed
Col·lecció:Colección Estado y Sociedad, 5
Matèries:
Etiquetes: Afegir etiqueta
Sense etiquetes, Sigues el primer a etiquetar aquest registre!

MARC

LEADER 00000nam a2200000 a 4500
001 UCP3948
003 CL-VaPUC
008 990709e19970000SP |||||||||||||||||spa|d
082 0 4 |a 320  |b HUN  |2 21 
100 |a Huntington, Samuel P  |e author  |9 587262 
245 1 3 |a El orden político en las sociedades en cambio 
250 |a 5a. ed 
300 |a 404 p 
942 |c BK 
945 |d 19990709 00:00:00  |a vberengu 
260 |a Barcelona  |b Paidós  |c 1997 
650 0 |a Política  |9 255312 
650 7 |a DECADENCIA  |2 CL-VaPUC  |9 400479 
650 7 |a MODERNIZACION  |2 CL-VaPUC  |9 335311 
650 7 |a CAMBIO POLITICO  |2 CL-VaPUC  |9 431348 
650 7 |a REVOLUCION  |2 CL-VaPUC  |9 338298 
650 7 |a REFORMA  |2 CL-VaPUC  |9 319527 
650 0 |a Partidos políticos  |9 254999 
650 0 |a Estabilidad política  |9 320627 
651 0 |a México  |9 255269 
651 0 |a Bolivia  |9 255454 
651 0 |a América  |9 255182 
651 0 |a Europa  |9 255156 
583 |a last modification  |c 19990709 00:00:00  |k Rodrigo Vera 
490 0 |a Colección Estado y Sociedad, 5 
999 |c 282059  |d 282057 
952 |0 0  |1 0  |4 0  |6 320_000000000000000_HUN_1997  |7 0  |8 A  |9 323367  |a BIBHIS  |b BIBHIS  |d 2019-11-20  |i 3535584  |l 4  |m 1  |o 320 HUN 1997  |p 3535584  |r 2025-05-05  |s 2025-04-17  |w 2019-11-20  |y BK  |k HIS